00646nam a22002177a 450000500170000001000110001702000170002803500110004503700160005604000120007208200160008410000230010024500780012326000620020127000470026330000320031050000200034265000160036265000270037870000230040520170124110049.0 a935772 a42.00c00.00 a935772 bCen Lib/Ret aDPLbEN a658.15bTHA aThacker, Ronald J. aModren management acounting /cby Ronald J.Thacker [and] Richard L. Smith aNew Delhib Prentice Hall Of India Private Limited c1978 aM-97, Connought Circus bNew Delhie110001 axii,596p. :bill.c22cm(Hb) aIncludes index. aManagement  aManagement accounting  a Smith, Richard L.